书目信息 |
| 题名: |
医院骑士团九百年
|
|
| 作者: | 马千 著 | |
| 分册: | ||
| 出版信息: | 北京 台海出版社 2018 |
|
| 页数: | 460页 | |
| 开本: | 23cm | |
| 丛书名: | 战争事典系列丛书 | |
| 单 册: | ||
| 中图分类: | D59 | |
| 科图分类: | ||
| 主题词: | 骑士 (欧洲中世纪)--qi shi ( ou zhou zhong shi ji )--史料 | |
| 电子资源: | ||
| ISBN: | 978-7-5168-2012-4 | |
| 000 | 01284nam 2200289 450 | |
| 001 | 012001007102 | |
| 005 | 20131018144828.0 | |
| 010 | @a978-7-5168-2012-4@dCNY189.80 | |
| 099 | @aCAL 012018116938 | |
| 100 | @a20180822d2018 em y0chiy50 ea | |
| 101 | 0 | @achi |
| 102 | @aCN@b110000 | |
| 105 | @aab a 001yy | |
| 106 | @ar | |
| 200 | 1 | @a医院骑士团九百年@Ayi yuan qi shi tuan jiu bai nian@d= The nine centuries of the knights hospitaller@f马千著@zeng |
| 210 | @a北京@c台海出版社@d2018 | |
| 215 | @a460页@c彩图, 地图@d23cm | |
| 225 | 2 | @a战争事典系列丛书@Azhan zheng shi dian xi lie cong shu@i特辑@v010 |
| 320 | @a有书目 (第437-442页) 和索引 | |
| 330 | @a本书回顾了骑士团的缘起与壮大, 介绍了它的组织结构和军事生活, 重现了从耶路撒冷、阿卡至罗德岛、马耳他的历次经典战役, 还原了杰拉尔德、瓦莱特、卡拉瓦乔、萨拉丁、苏莱曼一世等人物的音容笑貌。自1798年被迫离开马耳他后, 医院骑士团的军事色彩已不断淡化, 但它作为古老的国际公益、慈善、医疗组织在现代社会依旧发挥着作用。 | |
| 410 | 0 | @12001 @a战争事典系列丛书@i特辑@v010 |
| 510 | 1 | @aNine centuries of the knights hospitaller@zeng |
| 606 | 0 | @a骑士 (欧洲中世纪)@Aqi shi ( ou zhou zhong shi ji )@x史料 |
| 690 | @aD59@v5 | |
| 701 | 0 | @a马千@Ama qian@4著 |
| 801 | 0 | @aCN@b上海新华@c20191020 |
| 905 | @b1176044-5@dD59@e257@f2 | |
| 医院骑士团九百年= The nine centuries of the knights hospitaller/马千著.-北京:台海出版社,2018 |
| 460页:彩图, 地图;23cm.-(战争事典系列丛书.特辑;010) |
| ISBN 978-7-5168-2012-4:CNY189.80 |
| 本书回顾了骑士团的缘起与壮大, 介绍了它的组织结构和军事生活, 重现了从耶路撒冷、阿卡至罗德岛、马耳他的历次经典战役, 还原了杰拉尔德、瓦莱特、卡拉瓦乔、萨拉丁、苏莱曼一世等人物的音容笑貌。自1798年被迫离开马耳他后, 医院骑士团的军事色彩已不断淡化, 但它作为古老的国际公益、慈善、医疗组织在现代社会依旧发挥着作用。 |
| ● |
| 相关链接 |
|
|
|
|
正题名:医院骑士团九百年
索取号:D59/257
 
预约/预借
| 序号 | 登录号 | 条形码 | 馆藏地/架位号 | 状态 | 备注 |
| 1 | 1176044 | 211760441 | 第一样本阅览室/ [索取号:D59/257] | 在馆 | |
| 2 | 1176045 | 211760450 | 第一借阅区/ [索取号:D59/257] | 在馆 |